Il razzismo spiegato a mia figlia /

में बचाया:
ग्रंथसूची विवरण
मुख्य लेखक: Ben Jelloun, Tahar (लेखक)
अन्य लेखक: Volterrani, Egi
स्वरूप: पुस्तक
भाषा:इतालवी
प्रकाशित: Milano : Bompiani, 1998
संस्करण:2. ed
श्रृंखला:PasSaggi Bompiani
टैग: टैग जोड़ें
कोई टैग नहीं, इस रिकॉर्ड को टैग करने वाले पहले व्यक्ति बनें!

MARC

LEADER 00000nam a22000007i 4500
001 IT\ICCU\TO0\1663299
003 ItRI
005 20250816131214.0
008 080611s1998 it |||||| ||||| |||||c
020 |a 8845236242 
040 |b ita  |c Arcigay Viterbo 
041 7 |a ita  |2 ISO-639-2 
100 1 |a Ben Jelloun, Tahar  |0 IT\ICCU\CFIV\062651  |4 aut 
245 1 3 |a Il razzismo spiegato a mia figlia /  |c Tahar Ben Jelloun ; traduzione di Egi Volterrani. 
250 |a 2. ed 
260 |a Milano :  |b Bompiani,  |c 1998 
300 |a 62 p. ;  |c 17 cm. 
700 1 |a Volterrani, Egi  |0 IT\ICCU\CFIV\046884 
830 0 |a PasSaggi Bompiani  |0 IT\ICCU\IEI\0102595 
942 |2 ddc  |c BK  |n 0 
952 |0 0  |1 0  |2 ddc  |4 0  |6 320_560000000000000_BEN_RAZ  |7 0  |9 9532  |a VT  |b VT  |d 2025-08-16  |e Donazione Alfonso Antoniozzi  |i B241  |l 0  |o 320.56 BEN RAZ  |p B241  |r 2025-08-16 13:17:40  |w 2025-08-16  |y BK  |z Donazione Alfonso Antoniozzi 
981 1 |6 z01  |a i   |b xxxe  
982 1 |6 z01  |a n 
999 |c 7946  |d 7946